In bed with David & Jonathan /

保存先:
書誌詳細
第一著者: Bouden, Tom
フォーマット: 図書
言語:英語
出版事項: Berlin Bruno Gmunder 2006
タグ: タグ追加
タグなし, このレコードへの初めてのタグを付けませんか!

MARC

LEADER 00000nam a2200000 4500
001 CDOM0000003955
003 mi
005 20251008161538.0
008 251008b |||||||| |||| 00| 0 eng d
020 |a 3861879735 
040 |c mi 
100 |a Bouden, Tom 
245 1 |a In bed with David & Jonathan /  |c Tom Bouden 
260 |a Berlin  |b Bruno Gmunder  |c 2006 
300 |a 80 p.  |b ill.  |c 29 cm. 
942 |2 ddc  |c BK 
952 |0 0  |1 0  |2 ddc  |4 0  |6 FEU_01BOUTOINB11  |7 0  |9 7116  |a MI  |b MI  |d 2009-09-28  |i 5700  |l 0  |o FEU01-BOUTO-INB11  |p CDOM5700  |r 2025-07-13 16:28:00  |w 2025-07-13  |x ACQUISTO  |y BK 
999 |c 5817  |d 5817